000 00578nam a2200217Ia 4500
003 OSt
005 20220923230703.0
006 a|||||r|||| 00| 0
007 ta
008 Pun
024 _a304,743
037 _cTextual
040 _aARTS
_cARTS
_bPun
041 _2Pun
_aPun
082 _aV236:51wN, 153L3
100 _aਮਾਨ ਸਿੰਘ
245 0 _aਆਗ਼ਾਦੀ ਦੀ Fਮ੍ਹਾਂ ਦੇ ਸਿੱਖ ਪਰਵਾਨੇ
260 _c1973
942 _hV236:51wN, 153L3
_cTEXL
_2CC
999 _c386550
_d386550